[Event "Rottach Egern Seniors Cup 13th"]
[Site "Rottach Egern"]
[Date "2025.03.31"]
[Round "3"]
[White "Doetzel, Hartwig"]
[Black "Walther, Reinhard"]
[Result "0-1"]
[WhiteElo "1831"]
[BlackElo "1987"]
[PlyCount "50"]
[EventDate "2025.03.29"]
[EventType "swiss"]
[EventRounds "9"]
[EventCountry "GER"]
[SourceTitle "CB16_2025"]
[SourceDate "2025.04.16"]
[SourceVersion "1"]
[SourceVersionDate "2025.04.16"]
[SourceQuality "1"]

1. e4 g6 2. d4 Bg7 3. Nc3 c6 4. f4 d6 5. Nf3 Bg4 6. Be2 Qb6 7. Be3 Qxb2 8. Na4 Qa3 9. c3 b5 10. Bc1 Qxa4 11. Qxa4 bxa4 12. h3 Bxf3 13. Bxf3 Nd7 14. e5 d5 15. 0-0 e6 16. c4 Ne7 17. Ba3 Nb6 18. cxd5 Nexd5 19. Bxd5 exd5 20. f5 Nc4 21. Bc1 Rb8 22. f6 Bf8 23. Bf4 Rb6 24. Rae1 Kd7 25. Rb1 Bb4 0-1

[Event "Rottach Egern Seniors Cup 13th"]
[Site "Rottach Egern"]
[Date "2025.03.30"]
[Round "2"]
[White "Walther, Reinhard"]
[Black "Kolthoff, Siegmund"]
[Result "0-1"]
[WhiteElo "1987"]
[BlackElo "2121"]
[PlyCount "81"]
[EventDate "2025.03.29"]
[EventType "swiss"]
[EventRounds "9"]
[EventCountry "GER"]
[SourceTitle "CB16_2025"]
[SourceDate "2025.04.16"]
[SourceVersion "1"]
[SourceVersionDate "2025.04.16"]
[SourceQuality "1"]

1. d4 d5 2. Bf4 c5 3. e3 cxd4 4. exd4 Nc6 5. c3 Bf5 6. Bd3 Bxd3 7. Qxd3 e6 8. Nf3 Bd6 9. Bxd6 Qxd6 10. Nbd2 Nf6 11. 0-0 0-0 12. Rfe1 Rab8 13. Ne5 b5 14. Ndf3 b4 15. c4 dxc4 16. Qxc4 Rfc8 17. Qa6 Rc7 18. Rac1 Rb6 19. Qd3 h6 20. Nc4 Qd7 21. Nxb6 axb6 22. Rc4 Ra7 23. Rec1 Ne7 24. Ne5 Qa4 25. Nc6 Nxc6 26. Rxc6 g6 27. Rxb6 Qxa2 28. Rxb4 Rd7 29. h3 Kg7 30. Qc4 Qa5 31. Rb8 Qd2 32. Rc2 Qf4 33. Qc8 g5 34. Rb4 Ra7 35. g3 Ra1+ 36. Kh2 Qf3 37. Rc1 Qxf2+ 38. Kh1 Qf3+ 39. Kh2 Ne4 40. Rb3 Qxb3 41. Qc7 0-1

[Event "Rheinland Pfalz Seniors op 21st"]
[Site "Altenkirchen"]
[Date "2024.09.08"]
[Round "6"]
[White "Walther, Reinhard"]
[Black "Helmond, Frans"]
[Result "0-1"]
[WhiteElo "1983"]
[BlackElo "1958"]
[PlyCount "60"]
[EventDate "2024.09.03"]
[EventType "swiss"]
[EventRounds "9"]
[EventCountry "GER"]
[SourceTitle "EXT 2025"]
[Source "ChessBase"]
[SourceDate "2024.10.14"]
[SourceVersion "1"]
[SourceVersionDate "2024.10.14"]
[SourceQuality "1"]

1. d4 d5 2. Bf4 Nf6 3. e3 e6 4. Bd3 c5 5. c3 Nc6 6. Nd2 cxd4 7. exd4 Bd6 8. Bg3 0-0 9. Ngf3 Re8 10. Ne5 Qc7 11. f4 Rb8 12. Qe2 Re7 13. 0-0 a6 14. Bh4 Bd7 15. Ng4 Nxg4 16. Bxe7 Nxe7 17. Qxg4 e5 18. Bxh7+ Kf8 19. f5 exd4 20. cxd4 g6 21. Qg5 Bxh2+ 22. Kh1 Nxf5 23. Rxf5 Bxf5 24. Qh6+ Ke7 25. Re1+ Be6 26. Nf3 Bg3 27. Rf1 Qf4 28. Qg7 Qf6 29. Qxf6+ Kxf6 30. Ne5+ Kg7 0-1

[Event "Rheinland Pfalz Seniors op 21st"]
[Site "Altenkirchen"]
[Date "2024.09.05"]
[Round "3"]
[White "Walther, Reinhard"]
[Black "Geyer, Bernhard"]
[Result "0-1"]
[WhiteElo "1983"]
[BlackElo "2096"]
[PlyCount "34"]
[EventDate "2024.09.03"]
[EventType "swiss"]
[EventRounds "9"]
[EventCountry "GER"]
[SourceTitle "EXT 2025"]
[Source "ChessBase"]
[SourceDate "2024.10.14"]
[SourceVersion "1"]
[SourceVersionDate "2024.10.14"]
[SourceQuality "1"]

1. d4 Nf6 2. Bg5 d6 3. Nc3 Nbd7 4. e4 c5 5. Nf3 cxd4 6. Qxd4 a6 7. Rd1 e5 8. Qa4 Rb8 9. Bd3 b5 10. Qb3 Nc5 11. Bxf6 gxf6 12. Qb4 d5 13. Bxb5+ axb5 14. Nxd5 Nd3+ 15. Rxd3 Bxb4+ 16. Nxb4 Qa5 17. c3 Bb7 0-1

[Event "Altenkirchen Seniors op 19th"]
[Site "Altenkirchen"]
[Date "2022.07.25"]
[Round "7"]
[White "Koehler, Gerhard"]
[Black "Walther, Reinhard"]
[Result "1-0"]
[WhiteElo "2184"]
[BlackElo "1922"]
[PlyCount "111"]
[EventDate "2022.07.19"]
[EventType "swiss"]
[EventRounds "9"]
[EventCountry "GER"]
[SourceTitle "CBM 209 Extra"]
[Source "ChessBase"]
[SourceDate "2022.09.30"]
[SourceVersion "1"]
[SourceVersionDate "2022.09.30"]
[SourceQuality "1"]

1. c4 Nf6 2. Nc3 e6 3. Nf3 d5 4. e3 c5 5. cxd5 exd5 6. d4 Nc6 7. Be2 c4 8. Ne5 Bd6 9. Nxc6 bxc6 10. e4 Bb4 11. exd5 Nxd5 12. Bd2 Nb6 13. Bf3 Bb7 14. Ne4 Be7 15. Bc3 0-0 16. 0-0 Qc7 17. Qc2 Rad8 18. Rfd1 c5 19. dxc5 Bxc5 20. Ng5 g6 21. Bxb7 Qxb7 22. Ne4 Be7 23. Nf6+ Bxf6 24. Bxf6 Rd5 25. Qe2 Rf5 26. Bc3 Qc6 27. Rd4 Re8 28. Qd2 Nd5 29. Rd1 Nxc3 30. Qxc3 Rfe5 31. h3 Rg5 32. g3 Qe6 33. h4 Rf5 34. Rd8 Re5 35. Rxe8+ Qxe8 36. Qxc4 Re1+ 37. Rxe1 Qxe1+ 38. Kg2 Qb1 39. b4 h5 40. a4 Qf5 41. b5 g5 42. hxg5 Qxg5 43. Qd4 Qe7 44. Kh2 Qc7 45. Qb4 Qb6 46. Kg1 Qb7 47. a5 Qc7 48. b6 axb6 49. axb6 Qb7 50. Qc5 h4 51. Qc7 Qf3 52. b7 h3 53. b8Q+ Kg7 54. Qbb7 h2+ 55. Kxh2 Qxf2+ 56. Qg2 1-0

[Event "Altenkirchen Seniors op 19th"]
[Site "Altenkirchen"]
[Date "2022.07.23"]
[Round "5"]
[White "Kalkmann, Hans"]
[Black "Walther, Reinhard"]
[Result "0-1"]
[WhiteElo "1809"]
[BlackElo "1922"]
[PlyCount "52"]
[EventDate "2022.07.19"]
[EventType "swiss"]
[EventRounds "9"]
[EventCountry "GER"]
[SourceTitle "CBM 209 Extra"]
[Source "ChessBase"]
[SourceDate "2022.09.30"]
[SourceVersion "1"]
[SourceVersionDate "2022.09.30"]
[SourceQuality "1"]

1. f4 e5 2. fxe5 d6 3. Nf3 dxe5 4. e4 Bc5 5. Bc4 Nf6 6. Qe2 0-0 7. d3 Nc6 8. Be3 Bxe3 9. Qxe3 Nd4 10. Nxd4 exd4 11. Qf2 Ng4 12. Qg3 Ne3 13. Kd2 Qe7 14. Bb3 a5 15. c3 c5 16. Na3 Be6 17. Bxe6 fxe6 18. Nc2 Qf6 19. Ne1 Nf1+ 20. Rxf1 Qxf1 21. Rd1 Qf2+ 22. Kc1 dxc3 23. bxc3 Qxa2 24. Rd2 Qa1+ 25. Kc2 Ra6 26. Qc7 Qxe1 0-1

[Event "Altenkirchen Seniors op 19th"]
[Site "Altenkirchen"]
[Date "2022.07.19"]
[Round "1"]
[White "Hotz, Herbert"]
[Black "Walther, Reinhard"]
[Result "0-1"]
[WhiteElo "1513"]
[BlackElo "1922"]
[PlyCount "92"]
[EventDate "2022.07.19"]
[EventType "swiss"]
[EventRounds "9"]
[EventCountry "GER"]
[SourceTitle "CBM 209 Extra"]
[Source "ChessBase"]
[SourceDate "2022.09.30"]
[SourceVersion "1"]
[SourceVersionDate "2022.09.30"]
[SourceQuality "1"]

1. c4 c6 2. Nf3 Nf6 3. Nc3 d5 4. cxd5 cxd5 5. d4 Nc6 6. g3 e6 7. Bg2 Bb4 8. a3 Ba5 9. b4 Bb6 10. 0-0 0-0 11. Na4 Bc7 12. Nc5 b6 13. Nd3 Bd7 14. Bb2 Rc8 15. Rc1 Bb8 16. Nde5 Ne4 17. Nxd7 Qxd7 18. Qd3 Rc7 19. Nd2 Nxd2 20. Qxd2 Rfc8 21. Rc2 Ne7 22. Rfc1 Nf5 23. Rxc7 Rxc7 24. Rxc7 Qxc7 25. e4 dxe4 26. Bxe4 Nd6 27. Bd3 Nc4 28. Bxc4 Qxc4 29. Qc3 Qxc3 30. Bxc3 b5 31. g4 Kf8 32. h3 Ke7 33. Kf1 Kd6 34. Ke2 Kd5 35. Kd3 Bf4 36. Bb2 g6 37. f3 a6 38. Kc3 f5 39. Kd3 fxg4 40. hxg4 h5 41. gxh5 gxh5 42. Ke2 h4 43. Kf1 h3 44. Kg1 Kc4 45. d5 exd5 46. Bf6 d4 0-1

[Event "Rottach Egern Seniors Cup 10th"]
[Site "Rottach Egern"]
[Date "2022.04.01"]
[Round "7"]
[White "Brandes, Stephan"]
[Black "Walther, Reinhard"]
[Result "1/2-1/2"]
[WhiteElo "2122"]
[BlackElo "1945"]
[PlyCount "70"]
[EventDate "2022.03.26"]
[EventType "swiss"]
[EventRounds "9"]
[EventCountry "GER"]
[SourceTitle "CBM 207 Extra"]
[Source "ChessBase"]
[SourceDate "2022.05.31"]
[SourceVersion "1"]
[SourceVersionDate "2022.05.31"]
[SourceQuality "1"]

1. e4 e5 2. Nf3 d5 3. d3 dxe4 4. dxe4 Qxd1+ 5. Kxd1 Bg4 6. Bc4 Nc6 7. c3 Nf6 8. Nbd2 Bc5 9. Ke1 0-0 10. b4 Bd6 11. Bb2 a6 12. Nh4 Ne7 13. f3 Bd7 14. g3 b5 15. Bb3 c5 16. a3 c4 17. Bc2 Bc7 18. Ke2 Rad8 19. Nf1 g5 20. Ng2 g4 21. Nfe3 Ng6 22. Rad1 Bc8 23. fxg4 Rxd1 24. Rxd1 Nxg4 25. Nd5 Bd8 26. h4 Ne7 27. Nge3 Nxd5 28. Nxd5 f5 29. exf5 Bxf5 30. Bxf5 Rxf5 31. Ne3 Rf2+ 32. Ke1 Bb6 33. Nxg4 Rxb2 34. Rd6 Bg1 35. Rd7 h5 1/2-1/2

[Event "Rottach Egern Seniors Cup 10th"]
[Site "Rottach Egern"]
[Date "2022.03.30"]
[Round "5"]
[White "Mueller, Erich"]
[Black "Walther, Reinhard"]
[Result "1-0"]
[WhiteElo "2138"]
[BlackElo "1945"]
[PlyCount "85"]
[EventDate "2022.03.26"]
[EventType "swiss"]
[EventRounds "9"]
[EventCountry "GER"]
[SourceTitle "CBM 207 Extra"]
[Source "ChessBase"]
[SourceDate "2022.05.31"]
[SourceVersion "1"]
[SourceVersionDate "2022.05.31"]
[SourceQuality "1"]

1. f4 d5 2. b3 Nf6 3. Nf3 g6 4. Bb2 Bg7 5. e3 0-0 6. Be2 c5 7. 0-0 Nc6 8. Ne5 Qc7 9. Nxc6 Qxc6 10. Bf3 b6 11. d3 Bb7 12. Nd2 Qe6 13. Qe2 Rad8 14. Rae1 Qd7 15. g4 Bc8 16. h3 h5 17. Bxf6 Bxf6 18. Qg2 Kg7 19. Re2 Bc3 20. gxh5 Qxh3 21. hxg6 Qxg2+ 22. Bxg2 fxg6 23. Nf3 Bg4 24. Ref2 Rd6 25. Kh2 Rdf6 26. Ng5 e5 27. Kg3 Bh5 28. Bxd5 exf4+ 29. exf4 Re8 30. Be4 Bd4 31. Rg2 Be3 32. a4 Kh6 33. Nh3 Ref8 34. c3 Kh7 35. Rc2 Kh8 36. b4 g5 37. f5 cxb4 38. cxb4 Rg8 39. Rh1 Bd4 40. Nf2 Be5+ 41. Kg2 Rh6 42. Ng4 Rh7 43. Nxe5 1-0

[Event "Rottach Egern Seniors Cup 9th"]
[Site "Rottach Egern"]
[Date "2021.10.27"]
[Round "6"]
[White "Walther, Reinhard"]
[Black "Haubt, Georg"]
[Result "1-0"]
[WhiteElo "1978"]
[BlackElo "2114"]
[PlyCount "125"]
[EventDate "2021.10.22"]
[EventType "swiss"]
[EventRounds "7"]
[EventCountry "GER"]
[SourceTitle "CBM 204 Extra"]
[Source "ChessBase"]
[SourceDate "2021.11.30"]
[SourceVersion "1"]
[SourceVersionDate "2021.11.30"]
[SourceQuality "1"]

1. d4 Nf6 2. Bg5 e6 3. e4 h6 4. Bxf6 Qxf6 5. c3 d6 6. Bd3 e5 7. Ne2 Nc6 8. 0-0 g5 9. Bb5 Bd7 10. Qa4 Qe7 11. Ng3 exd4 12. cxd4 Bg7 13. Nf5 Bxf5 14. exf5 0-0 15. Bxc6 bxc6 16. Nc3 Qd7 17. d5 Qxf5 18. Qxc6 Rab8 19. b3 Rb4 20. Rac1 Be5 21. Ne2 h5 22. Rc4 Rxc4 23. Qxc4 Rc8 24. f4 gxf4 25. Nxf4 Qg5 26. g3 h4 27. Kg2 Re8 28. Nh3 Qg6 29. Qxh4 Qd3 30. Qg4+ Bg7 31. Nf4 Qe4+ 32. Qf3 Bd4 33. Qxe4 Rxe4 34. Rc1 Bb6 35. Rc2 Rd4 36. Kf3 Kg7 37. h4 Rd1 38. Kg4 Ba5 39. Kf5 Rf1 40. Kg4 Rg1 41. a3 Kf6 42. b4 Bb6 43. Rc3 Rd1 44. h5 a5 45. bxa5 Bxa5 46. Rf3 Kg7 47. Kf5 Rd4 48. Rd3 Ra4 49. g4 Bb6 50. g5 Bd4 51. h6+ Kh7 52. Nh5 Bb2 53. Nf6+ Kh8 54. Rb3 Bxf6 55. gxf6 Ra5 56. Rb8+ Kh7 57. Rf8 Rxd5+ 58. Kf4 c5 59. Rxf7+ Kxh6 60. Rg7 Rd1 61. Kf5 c4 62. Rg3 d5 63. Rh3# 1-0

[Event "GER-ch Seniors 65 32nd"]
[Site "Magdeburg"]
[Date "2020.08.15"]
[Round "2"]
[White "Walther, Reinhard"]
[Black "Khanukov, Boris"]
[Result "0-1"]
[WhiteElo "2027"]
[BlackElo "2291"]
[PlyCount "86"]
[EventDate "2020.08.14"]
[EventType "swiss"]
[EventRounds "9"]
[EventCountry "GER"]
[SourceTitle "EXT 2021"]
[Source "ChessBase"]
[SourceDate "2020.10.23"]
[SourceVersion "1"]
[SourceVersionDate "2020.10.23"]
[SourceQuality "1"]

1. d4 Nf6 2. Bg5 c5 3. d5 Qb6 4. Nc3 h6 5. Bd2 d6 6. e4 a6 7. Bc4 Qc7 8. a4 e5 9. Nge2 g6 10. 0-0 Bg7 11. f4 exf4 12. Bxf4 Nbd7 13. Qd2 Nh5 14. Kh1 Nxf4 15. Nxf4 Ne5 16. Be2 Qe7 17. Rf2 Qg5 18. Raf1 0-0 19. Nd1 Bd7 20. Qa5 Qd8 21. Qxd8 Raxd8 22. b3 b5 23. axb5 axb5 24. Nd3 Ra8 25. Nxe5 Bxe5 26. h3 h5 27. Ne3 Bd4 28. Rf3 Ra2 29. Bd3 Kg7 30. Nd1 f6 31. Nf2 Rc8 32. g4 c4 33. bxc4 bxc4 34. Be2 Rxc2 35. Bd1 Rxf2 36. R3xf2 Bxf2 37. Rxf2 hxg4 38. hxg4 c3 39. Kg2 Bxg4 40. Bc2 f5 41. Kg3 Kf6 42. Kf4 Rh8 43. Ke3 Ke5 0-1

[Event "Bad Woerishofen Seniors op 36th"]
[Site "Bad Woerishofen"]
[Date "2020.03.09"]
[Round "4"]
[White "Walther, Reinhard"]
[Black "Rubke, Manfred"]
[Result "0-1"]
[WhiteElo "2019"]
[BlackElo "2147"]
[PlyCount "44"]
[EventDate "2020.03.05"]
[EventType "swiss"]
[EventRounds "9"]
[EventCountry "GER"]
[SourceTitle "CBM 195 Extra"]
[Source "ChessBase"]
[SourceDate "2020.05.31"]
[SourceVersion "1"]
[SourceVersionDate "2020.05.31"]
[SourceQuality "1"]

1. d4 d5 2. Bf4 Bf5 3. c4 e6 4. Nc3 Nf6 5. e3 Bd6 6. Bxd6 Qxd6 7. c5 Qe7 8. Nf3 c6 9. Ne5 Nbd7 10. f4 Nxe5 11. fxe5 Ne4 12. Nxe4 Bxe4 13. Qg4 0-0 14. Be2 f6 15. exf6 Rxf6 16. Bf3 Bxf3 17. gxf3 e5 18. 0-0-0 exd4 19. Qxd4 Rxf3 20. Rde1 Re8 21. Kd2 Qe4 22. Rhg1 Rf2+ 0-1

[Event "MVP-ch Seniors op 19th"]
[Site "Ostseebad Binz"]
[Date "2019.11.29"]
[Round "3"]
[White "Walther, Reinhard"]
[Black "Rollwitz, Juergen"]
[Result "1/2-1/2"]
[WhiteElo "2012"]
[BlackElo "1872"]
[PlyCount "107"]
[EventDate "2019.11.27"]
[EventType "swiss"]
[EventRounds "9"]
[EventCountry "GER"]
[SourceTitle "EXT 2021"]
[Source "ChessBase"]
[SourceDate "2020.10.23"]
[SourceVersion "1"]
[SourceVersionDate "2020.10.23"]
[SourceQuality "1"]

1. d4 Nf6 2. Bf4 e6 3. e3 d5 4. Nd2 Nbd7 5. Ngf3 Bd6 6. Ne5 Qe7 7. Bd3 c5 8. c3 a6 9. h4 Nf8 10. g4 Bxe5 11. Bxe5 N8d7 12. Bg3 e5 13. g5 Ne4 14. Bxe4 dxe4 15. Nxe4 cxd4 16. cxd4 0-0 17. 0-0 Re8 18. d5 Qb4 19. Qd3 Nc5 20. Nxc5 Qxc5 21. Rac1 Qd6 22. e4 Bd7 23. Qe3 Rec8 24. Rc3 f6 25. Rfc1 Rxc3 26. Rxc3 Rc8 27. gxf6 gxf6 28. f4 Rxc3 29. bxc3 exf4 30. Bxf4 Qf8 31. Qg3+ Qg7 32. Kf2 Qxg3+ 33. Bxg3 Kf7 34. Ke3 Ke7 35. c4 Bg4 36. a4 Kd7 37. a5 h5 38. Kd4 Bf3 39. c5 Bg2 40. Be1 Bf3 41. Bc3 Bg4 42. Ke3 Ke7 43. Kf4 Bh3 44. Ke3 Bd7 45. Bb4 Kf7 46. Kf4 Bg4 47. e5 fxe5+ 48. Kxe5 Ke8 49. Kd6 Kd8 50. Bd2 Kc8 51. Bf4 Bf3 52. Ke6 Bg4+ 53. Ke7 Bh3 54. c6 1/2-1/2